000 00425cam a2200181ua 4500
020 _c3.00
041 _amal
_h
082 _a894.812308
_bANN/GO
100 _aAnand, Warti .
245 _aGova munnerunnu /
_cAnand Warti.
_hTextual Documents
260 _aThrissur :
_bCurrent Books ,
_c1965.
300 _a236 ; .
365 _a3.00
504 _a
942 _cBK
999 _c4533
_d4533